Kejayaan kewangan : (Record no. 1517)
[ view plain ]
| 000 -LEADER | |
|---|---|
| fixed length control field | nam a22 a 4500 |
| 003 - CONTROL NUMBER IDENTIFIER | |
| control field | AKMAL |
| 005 - DATE AND TIME OF LATEST TRANSACTION | |
| control field | 20170509164458.0 |
| 008 - FIXED-LENGTH DATA ELEMENTS--GENERAL INFORMATION | |
| fixed length control field | 170509s1996 my 00 may d |
| 020 ## - INTERNATIONAL STANDARD BOOK NUMBER | |
| International Standard Book Number | 9839315056 (kkt.): |
| Terms of availability | RM 12.00 |
| 040 ## - CATALOGING SOURCE | |
| Original cataloging agency | AKMAL |
| Transcribing agency | AKMAL |
| 049 ## - LOCAL HOLDINGS (OCLC) | |
| Holding library | klpmal |
| 082 04 - DEWEY DECIMAL CLASSIFICATION NUMBER | |
| Classification number | 305.5234 WAT |
| 090 ## - LOCALLY ASSIGNED LC-TYPE CALL NUMBER (OCLC); LOCAL CALL NUMBER (RLIN) | |
| Classification number (OCLC) (R) ; Classification number, CALL (RLIN) (NR) | 305.5234 |
| Local cutter number (OCLC) ; Book number/undivided call number, CALL (RLIN) | WAT |
| 100 1# - MAIN ENTRY--PERSONAL NAME | |
| Personal name | Wattles, Wallace Delois, |
| Dates associated with a name | 1860-1911 |
| 9 (RLIN) | 3032 |
| 245 10 - TITLE STATEMENT | |
| Title | Kejayaan kewangan : |
| Remainder of title | melalui kekuatan fikiran yang kreatif / |
| Statement of responsibility, etc. | Wallace D Wattles ; penterjemah Zulkifilee Yazid |
| 260 ## - PUBLICATION, DISTRIBUTION, ETC. | |
| Place of publication, distribution, etc. | Batu Caves : |
| Name of publisher, distributor, etc. | Albaz Publishing & Distribution, |
| Date of publication, distribution, etc. | 1996 |
| 300 ## - PHYSICAL DESCRIPTION | |
| Extent | 95ms. : |
| Other physical details | ; |
| Dimensions | 22cm |
| 440 ## - SERIES STATEMENT/ADDED ENTRY--TITLE | |
| Title | Siri motivasi |
| 9 (RLIN) | 1119 |
| 500 ## - GENERAL NOTE | |
| General note | Terjemahan dari: Financial success through the power of creative thought |
| 650 ## - SUBJECT ADDED ENTRY--TOPICAL TERM | |
| Topical term or geographic name entry element | Success |
| 9 (RLIN) | 2 |
| 650 ## - SUBJECT ADDED ENTRY--TOPICAL TERM | |
| Topical term or geographic name entry element | Wealth |
| 9 (RLIN) | 1315 |
| 700 0# - ADDED ENTRY--PERSONAL NAME | |
| Personal name | Zulkifilee Yazid |
| 9 (RLIN) | 1118 |
| 942 ## - ADDED ENTRY ELEMENTS (KOHA) | |
| Source of classification or shelving scheme | |
| Koha item type | Book |
| Withdrawn status | Lost status | Source of classification or shelving scheme | Damaged status | Not for loan | Collection code | Home library | Current library | Shelving location | Date acquired | Inventory number | Total Checkouts | Full call number | Barcode | Date last seen | Price effective from | Koha item type |
|---|---|---|---|---|---|---|---|---|---|---|---|---|---|---|---|---|
| NON-FICTION | AKMAL Melaka | AKMAL Melaka | PINJAMAN | 09.05.2017 | 002032 | 305.5234 WAT | 201702758 | 09.05.2017 | 09.05.2017 | Book |
